000 00678nam a22002297a 4500
003 DO-SdBNP
005 20210927151212.0
007 ta
008 210927b 2017 pr 00| 0 eng d
020 _a9789945581928
040 _aDO-SdBNP
_bspa
_cBNPHU
082 4 _aBNPHU
_bM149g
100 1 _aMachado Mariscal Gante, María Teresa de
_980054
245 1 0 _aGruta de sal /
_cMaría Teresa Machado Mariscal de Gante
260 _aPuerto Rico :
_bIsla Negra,
_c2017.
300 _a64 p. ;
_c22 cm.
490 _aJosemilio González
500 _aIncluye datos biográficos del autor en las solapas
830 0 _nJosemilio González
_96541
910 _aBtavárez
942 _2ddc
_cLBS1
999 _c50667
_d50667